| 000 | 00924nam a2200265Ia 4500 | ||
|---|---|---|---|
| 003 | OSt | ||
| 005 | 20220927115014.0 | ||
| 006 | a|||||r|||| 00| 0 | ||
| 007 | ta | ||
| 008 | 220926b |||||||| |||| 00| 0 eng d | ||
| 024 | _a49448 | ||
| 037 | _cThesis and Dissertations | ||
| 040 |
_aRTL _cRTL _beng |
||
| 041 |
_2eng _aeng |
||
| 082 | _a"X:89Q8, P1" | ||
| 100 |
_aSengupta Soma _9389906 |
||
| 110 |
_aUniversity of Delhi. Faculty of Management. Deptt of commerece (Delhi India) _9389907 |
||
| 245 | 0 |
_aBuyers perception of product quality _b Study of sel |
|
| 260 |
_aNew _bDelhi University of Delhi India _c2001 |
||
| 300 |
_a"xiii, 321p. Bibliography P 279-92" _ccm. |
||
| 650 |
_aQuality Control _9353933 |
||
| 700 |
_aUniversity of Delhi. Faculty of Management. Deptt of commerece (Delhi India) _9389908 |
||
| 942 |
_h"X:89Q8, P1" _cCC |
||
| 999 |
_c705348 _d705348 |
||